Amoxtli in xochitl in cuicatl : (Record no. 93507)
[ view plain ]
| 000 -CABECERA | |
|---|---|
| campo de control de longitud fija | 00695nam a2200193 a 4500 |
| 005 - FECHA Y HORA DE LA ÚLTIMA TRANSACCIÓN | |
| campo de control | 20240702063808.0 |
| 008 - ELEMENTOS DE LONGITUD FIJA--INFORMACIÓN GENERAL | |
| campo de control de longitud fija | 021206s1990 mx r 000 0 spa d |
| 035 ## - NÚMERO DE CONTROL DEL SISTEMA | |
| Número de control de sistema | UPN01000121248 |
| 049 ## - COLECCIÓN | |
| Colección | LT |
| 050 #4 - SIGNATURA TOPOGRÁFICA DE LA BIBLIOTECA DEL CONGRESO | |
| Número de clasificación | LB1684 M6.2 |
| Número de documento/Ítem | A4.6 |
| 245 00 - MENCIÓN DE TÍTULO | |
| Título | Amoxtli in xochitl in cuicatl : |
| Resto del título | 2 : cuaderno de trabajo para apreciación y expresión artística / |
| Mención de responsabilidad, etc. | Abel Isaías Rodríguez Mendoza ... [et al.]. |
| 260 ## - PUBLICACIÓN, DISTRIBUCIÓN, ETC. | |
| Lugar de publicación, distribución, etc. | [México] : |
| Nombre del editor, distribuidor, etc. | Cuicanzin, |
| Fecha de publicación, distribución, etc. | [199-]. |
| 300 ## - DESCRIPCIÓN FÍSICA | |
| Extensión | 100 p. : |
| Otras características físicas | il. |
| 500 ## - NOTA GENERAL | |
| Nota general | "Sistema Roma" |
| 650 #4 - ASIENTO SECUNDARIO DE MATERIA - TERMINO TEMATICO | |
| Término de materia o nombre geográfico como elemento de entrada | Arte |
| Subdivisión general | Estudio y enseñanza (Secundaria) |
| 9 (RLIN) | 2645 |
| 650 #4 - ASIENTO SECUNDARIO DE MATERIA - TERMINO TEMATICO | |
| Término de materia o nombre geográfico como elemento de entrada | Música |
| Subdivisión general | Estudio y enseñanza |
| 9 (RLIN) | 174 |
| 700 1# - ASIENTO SECUNDARIO--NOMBRE DE PERSONAL | |
| Nombre de persona | Rodríguez Mendoza, Abel Isaías, |
| Término indicativo de función/relación | coaut. |
| 9 (RLIN) | 32331 |
| 905 ## - TIPO DE MATERIAL | |
| Tipo de material | Libro |
| Estado de retiro | Estado de pérdida | Fuente del sistema de clasificación o colocación | Estado dañado | No para préstamo | Código de colección | Localización permanente | Ubicación/localización actual | Ubicación en estantería | Fecha de adquisición | Clasificación | Código de barras | Fecha visto por última vez | Número de copia | Tipo de ítem Koha |
|---|---|---|---|---|---|---|---|---|---|---|---|---|---|---|
| Library of Congress Classification | Disponible (Préstamo en sala) | Libros de texto | Bib. Gregorio Torres Quintero | Bib. Gregorio Torres Quintero | Colecciones especiales Planta alta | 25/05/2023 | LB1684 M6.2 A4.6 | 202020 | 31/12/2020 | 1 | Libro |
